Matemática Básica
| Format: | Section = Libro |
|---|---|
| Language: | Undetermined Spanish |
| Published: |
León,Nicaragua
Universidad Nacional Autónoma de Nicaragua (UNAN)
1980
|
| Subjects: |
| LEADER | 00486nam a2200181Ia 4500 | ||
|---|---|---|---|
| 008 | 240830s9999 xx 000 0 und d | ||
| 040 | |a CEDOC FIQ-RUSB / 510 N583 | ||
| 041 | |a spa | ||
| 082 | |a 510 N583 | ||
| 245 | 1 | 0 | |a Matemática Básica |
| 260 | |a León,Nicaragua |b Universidad Nacional Autónoma de Nicaragua (UNAN) |c 1980 | ||
| 300 | |a 429 p. :il | ||
| 650 | 7 | |a MATEMÁTICAS | |
| 650 | 7 | |b PROBLEMAS | |
| 650 | 7 | |c EJERCICIOS RESUELTOS | |
| 942 | |c BK |2 ddc | ||
| 991 | |a TEXTO | ||
| 999 | |c 13553 | ||